Star Wars : Leia Organa - Statistiques

Statistiques générales
  • Ce quiz a été pris 43 fois
    37 depuis la dernière actualisation
  • Le résultat moyen est 13 sur 17
Statistiques - réponses
Hint Réponse % Correct
Famille Son frère Luke Skywalker
100%
Famille Son père biologique Anakin Skywalker
97%
Famille Son amoureux Han Solo
97%
Famille Sa mère biologique Padmé Amidala
97%
Famille Son fils Ben Solo
94%
Caractéristique Son titre royal Princesse
91%
Caractéristique Métier de son père adoptif Sénateur
83%
Citation Citation "Au secours Obi-Wan Kenobi, vous êtes {mon} {seul} {espoir}"
80%
Film Premier film d'apparition Un nouvel espoir
80%
Famille Son père adoptif Bail Organa
71%
Caractéristique Espèce avec qui elle s'allie pendant la bataille d'Endor Ewoks
71%
Film Actrice l'interprétant Carrie Fisher
69%
Environnement Planète de son enfance Alderaan
57%
Environnement Vaisseau où elle est emprisonnée L’Étoile de la Mort
57%
Caractéristique Son titre dans la Résistance Générale
51%
Film Dernier film d'apparition L'Ascension de Skywalker
51%
Famille Sa mère adoptive Breha Organa
9%
Aucun quiz correspondant
Distribution des résultats
% des personnes avec chaque résultat
Percentile par nombre de réponses
Votre historique - résultats
Vous n’avez pas pris ce quiz depuis la dernière actualisation